000 01575cam a2200349 a 4500
001 EDZ0000174331
003 StDuBDS
005 20161031105228.0
006 m||||||||d||||||||
007 cr |||||||||||
008 131121s2011 caua fo| 001|0|eng d
020 _a9781483349428 (ebook) :
_cNo price
040 _aStDuBDS
_beng
_cStDuBDS
_epn
049 _aAlfaisal Main Library
050 0 _aBF311
_b.L467 2011
082 0 4 _a153.015118
_223
100 1 _aLewandowsky, Stephan.
245 1 0 _aComputational modeling in cognition
_h[electronic resource] :
_bprinciples and practice /
_cStephan Lewandowsky and Simon Farrell.
260 _aThousand Oaks, [Calif.] :
_bSAGE,
_cc2011.
300 _a1 online resource (x, 359 p.) :
_bill.
504 _aIncludes bibliographical references and index.
520 8 _aThis title introduces the principles of using computational models in psychology and provides a clear idea about how model construction, parameter estimation and model selection are carried out in practice. The book is written at a level that permits readers with a background in cognition, but without any modelling expertise.
521 _aSpecialized.
588 _aDescription based on print version record.
650 0 _aCognition
_xMathematical models.
655 7 _aElectronic books.
_2local
700 1 _aFarrell, Simon,
_d1976-
710 2 _aSage eBooks
776 0 8 _iPrint version :
_z9781412970761
856 4 0 _uhttp://ezproxy.alfaisal.edu/login?url=http://sk.sagepub.com/books/computational-modeling-in-cognition
942 _2lcc
_cEBOOKS
999 _c482167
_d482167